| 000 | 00853nam a22002657a 4500 | ||
|---|---|---|---|
| 001 | 6628 | ||
| 003 | FISKH | ||
| 005 | 20250516113537.0 | ||
| 008 | 250516b cb ||||| |||| 00| 0 eng d | ||
| 020 | _a9781842362402 | ||
| 040 |
_aFISKH _beng _cFISKH _dFISKH |
||
| 050 | _aQL706.2 .B73 | ||
| 082 | _a599 | ||
| 100 | _aBrewer, Duncan | ||
| 245 |
_aMammals : _bHabitats, caring for young, communication / _cDuncan Brewer |
||
| 260 |
_aGreat Bardfield : _bMiles Kelly Publishing, _c2003. |
||
| 300 |
_a40 pages : _bcolor illustrations ; _c19 cm |
||
| 505 | _aR | ||
| 520 | _aShort, sharp facts combine with hundreds of pictures and illustrations to deliver information with punch about mammals. | ||
| 521 | 8 |
_a680
_bLexile estimate |
|
| 521 | 8 |
_aR
_bRaz-Plus |
|
| 650 |
_aBiology _vAnimal Behavior |
||
| 942 |
_2ddc _cBK _n0 |
||
| 999 |
_c6628 _d6628 |
||